000 00789nam a2200217 a 4500
001 000028000
005 20240319201746.0
008 110406s1999 dr 000 | spa d
020 _a8489548994
040 _aDO-SdBNP
_bspa
_cBNPHU
082 _axxx
_aT266r, 1999
100 1 _aTejada Holguín, Ramón,
_d1961-
_929856
245 1 3 _aEl régimen democrático y la democracia dominicana /
_cRamón Tejada Holguín ; presentación de Ramonina Brea del Castillo.
250 _a2a ed.
260 _aSantiago de los Caballeros, República Dominicana :
_bPontificia Universidad Católica Madre y Maestra,
_c1999.
300 _a34 p. ;
_c21 cm.
490 1 _aEducación Ciudadana
_v1
700 1 _aBrea, Ramonina
_epresent.
_98319
830 0 _aEducación Ciudadana;
_v1
_949364
049 _aBNPD
999 _c27492
_d27492